| 000 | 00553nam a22001577a 4500 | ||
|---|---|---|---|
| 003 | OSt | ||
| 005 | 20150906091931.0 | ||
| 008 | 150906b xxu||||| |||| 00| 0 eng d | ||
| 040 | _cRUA | ||
| 082 | _aAGR សោម 1991 B004 Or.1 | ||
| 100 |
_972 _aសោម លន់ |
||
| 245 | _aទិន្នផលស្រូវកណ្តាលរដូវវស្សានាំចូល ក្នុងលក្ខ័ណ្ឌពិសោធន៍ ចំការដូង | ||
| 260 |
_aPhnom Penh _bRUA _c1991 |
||
| 300 |
_a70p. _bill. _c29cm |
||
| 942 |
_2ddc _cAGR |
||
| 999 |
_c69 _d69 |
||